000 00395nam a2200145Ia 4500
008 240729s9999 xx 000 0 und d
022 _a2321-7294
245 0 _aMRIMS Journal of Health Sciences
260 _aIndia
260 _bWolters Kluwer Medknow Publications
650 _aMedicine
856 _uhttps://doaj.org/toc/b1ce625d6c024ecc9839c0bb29af84c6
942 _2ddc
942 _cDOAJEJ
999 _c71996
_d71996
945 _a1
_bMadushi Gamage
_c1
_dMadushi Gamage